000 00618nam a2200229Ia 4500
003 OSt
005 20220928102306.0
006 a|||||r|||| 00| 0
007 ta
008 220927b |||||||| |||| 00| 0 eng d
024 _a40234
037 _cTextual
040 _aSDCL
_cSDCL
_beng
041 _2eng
_aeng
082 _aO152,1:g, L4
100 _aSharma Harvansh Lal
_9397648
245 0 _aMadhyakaaleen nirgun-bhakti-saadhana.
260 _aVaranasi
_bNaivedh Niketan
_c1974
300 _a152p.
_ccm.
942 _hO152,1:g, L4
_cTEXL
_2CC
999 _c713457
_d713457